[Event "ROM-chT"]
[Site "ROM"]
[Date "1993.??.??"]
[Round "9"]
[White "Olteanu, Gabriela"]
[Black "Orita, Ana Maria"]
[Result "1/2-1/2"]
[WhiteElo "2055"]
[BlackElo "2035"]

1.d4 d5 2.c4 e6 3.Nc3 Nf6 4.Nf3 c6 5.e3 Bd6 6.Qc2 O-O 7.Be2 Nbd7 8.O-O Qe7
9.e4 dxe4 10.Nxe4 Nxe4 11.Qxe4 Nf6 12.Qc2 h6 13.h3 c5 14.Be3 b6 15.Bd3 Bb7  1/2-1/2

[Event "Rostov op"]
[Site "Rostov"]
[Date "1993.??.??"]
[Round "?"]
[White "Nalbandian, Tigran"]
[Black "Sherbakov, Ruslan"]
[Result "0-1"]
[WhiteElo "2405"]
[BlackElo "2570"]

1.c4 e6 2.Nf3 d5 3.d4 Nf6 4.Nc3 c6 5.e3 Nbd7 6.Qc2 Bd6 7.Be2 O-O 8.O-O dxc4
9.Bxc4 b5 10.Be2 Bb7 11.e4 e5 12.Rd1 Qe7 13.dxe5 Nxe5 14.Nd4 Bc5 15.h3 Ng6
16.Be3 Bb6 17.a3 Qe5 18.Nf3 Qe7 19.Nd4 Bc7 20.b4 a5 21.Nb3 a4 22.Nd4 Rfe8
23.Nf5 Qe5 24.Ng3 Rac8 25.Bd4 Qg5 26.Be3 Nf4 27.Bf3 Qg6 28.Ra2 h5 29.Bxf4 Bxf4
30.Nf5 c5 31.bxc5 Rxc5 32.Rd8 Rxd8 33.Ne7+ Kh7 34.Nxg6 fxg6 35.g3 Be5 36.Qe2 Rxc3
37.Qxb5 Bc6 38.Qxe5 Rxf3 39.Re2 Rxa3 40.Kh2 Bxe4 41.Rxe4 Nxe4 42.Qxe4 Rf8  0-1

[Event "Rostov op"]
[Site "Rostov"]
[Date "1993.??.??"]
[Round "?"]
[White "Piskov, Yury"]
[Black "Filipenko, Alexander V"]
[Result "1-0"]
[WhiteElo "2520"]
[BlackElo "2395"]

1.d4 d5 2.Nf3 Nf6 3.c4 c6 4.Nc3 e6 5.e3 Nbd7 6.Bd3 dxc4 7.Bxc4 b5 8.Bd3 Bb7
9.O-O a6 10.e4 c5 11.e5 cxd4 12.Nxb5 Ng4 13.Nd6+ Bxd6 14.exd6 Qf6 15.Bg5 Bxf3
16.Bxf6 Bxd1 17.Bxg7 Rg8 18.Bxd4 Ba4 19.Bxh7 Rg5 20.Be4 Rd8 21.f4 Rg8 22.Rfc1 Ndf6
23.Bc6+ Bxc6 24.Rxc6 Nd5 25.Rxa6 Nb4 26.Ra4 Nc2 27.Rc1 Nxd4 28.Rxd4 Ne3 29.g3 Nd5
30.Ra4 Rg7 31.Kf2 Kd7 32.b4 Rh8 33.h4 Rb8 34.Ra7+ Kxd6 35.a3 Rgg8 36.Rxf7 Rbc8
37.Rxc8 Rxc8 38.h5 Rc2+ 39.Ke1 Rh2 40.g4 Ne3 41.b5 Kd5 42.Rd7+ Ke4 43.Rd2 Rh1+
44.Kf2 Nxg4+ 45.Kg3 Ne3 46.Rb2 Nf1+ 47.Kg4 Ne3+ 48.Kg5 Rg1+ 49.Kf6 Nd5+ 50.Kxe6 Nxf4+
51.Kd6 Nxh5 52.Rb4+ Kd3 53.b6 Rg6+ 54.Ke5 Rg8 55.Ke6 Rg6+ 56.Kf5 Rg8 57.b7 Ke3
58.Ke5 Re8+ 59.Kd5 Rd8+ 60.Kc6  1-0

[Event "Rostov op"]
[Site "Rostov"]
[Date "1993.??.??"]
[Round "?"]
[White "Galliamova, Alisa"]
[Black "Tregubov, Pavel V"]
[Result "1/2-1/2"]
[WhiteElo "2445"]
[BlackElo "2445"]

1.d4 d5 2.c4 c6 3.e3 Nf6 4.Nc3 e6 5.Nf3 Nbd7 6.Qc2 Bd6 7.Be2 O-O 8.O-O Re8
9.Rd1 Qe7 10.h3 b6 11.e4 dxe4 12.Nxe4 Nxe4 13.Qxe4 Bb7 14.Bf4 Bxf4 15.Qxf4 c5
16.Qc7 Rab8 17.dxc5 Nxc5 18.Qxe7 Rxe7 19.b4 Ne4 20.Rac1 e5 21.c5 bxc5 22.bxc5 Bc6
23.Ne1 Kf8 24.Bf3 Rc7 25.Nd3 f6 26.Rc4 Ng5 27.Bxc6 Rxc6 28.Nb4 Rcc8 29.c6 Ne6
30.Rd7 Rc7 31.Rd6 Nd4 32.Nd5 Nf5 33.Rd7 Rxd7 34.cxd7 Ne7 35.Rc7 Rd8 36.Nxe7 Kxe7
37.Rxa7 Kd6 38.Ra3 e4 39.Ra4 Kd5 40.Ra7 Kc6 41.g4 g6 42.Kg2 f5 43.gxf5 gxf5
44.Ra5 Rxd7 45.Rxf5 Ra7 46.Re5 Ra4 47.Re7 h5 48.Kg3 Kd6 49.Re8 Ra3+ 50.Kh4 Kd5
51.Rd8+ Ke5 52.Re8+ Kf4 53.Rf8+ Ke5 54.Rf7 Ke6 55.Rf8 Ke5 56.Re8+ Kf4 57.Rf8+ Ke5
58.Kxh5 Rxh3+ 59.Kg4 Ra3 60.Re8+ Kf6 61.Rxe4 Rxa2 62.f3 Rg2+ 63.Kf4 Rh2 64.Kg3 Ra2
65.Rb4 Ra5 66.Kg4 Rg5+ 67.Kh4 Rg1 68.Rf4+ Ke5 69.Rg4 Rf1 70.Re4+ Kf5 71.Kg3 Rg1+
72.Kf2 Ra1 73.Rb4 Ra8 74.Kg3 Rg8+ 75.Rg4 Rxg4+ 76.fxg4+ Kg5 77.Kf3 Kg6  1/2-1/2

[Event "Sala op"]
[Site "Sala"]
[Date "1993.??.??"]
[Round "7"]
[White "Zagorskis, Darius"]
[Black "Pcola, Pavel"]
[Result "1/2-1/2"]
[WhiteElo "2435"]
[BlackElo "2275"]

1.d4 d5 2.Nf3 Nf6 3.c4 c6 4.Nc3 e6 5.e3 Nbd7 6.Qc2 Bd6 7.Be2 O-O 8.O-O Qe7
9.e4 dxe4 10.Nxe4 Nxe4 11.Qxe4 e5 12.Bg5 Qe8 13.Qh4 e4 14.c5 Bc7 15.Nd2 f6
16.Be3 f5 17.Bf4 Bxf4 18.Qxf4 Nf6 19.Nc4 Nd5 20.Qe5 Qg6 21.Nd6 Be6 22.Bc4 Nc7
23.Bxe6+ Nxe6 24.Rfd1 Ng5 25.Kh1 Nf7 26.Nxf7 Rae8 27.Qf4 Qxf7 28.b4 Qc4 29.a3 Rd8
30.Qe3 Qd5 31.Qf4 Rf7 32.Rd2 h6 33.Re1 Rfd7 34.Kg1 Qf7  1/2-1/2

[Event "San Fernando op"]
[Site "San Fernando"]
[Date "1993.??.??"]
[Round "2"]
[White "Soppe, Guillermo"]
[Black "Farah, Rodolfo"]
[Result "1-0"]
[WhiteElo "2460"]
[BlackElo "2260"]

1.Nf3 Nf6 2.d4 d5 3.c4 c6 4.e3 e6 5.Nc3 Be7 6.Qc2 O-O 7.Bd3 Nbd7 8.b3 g6
9.O-O b6 10.Bb2 Bb7 11.Qe2 a6 12.Rfd1 Nh5 13.Ne5 Bd6 14.f4 f5 15.Na4 Nhf6
16.Rac1 Qe7 17.Nxb6 Nxb6 18.c5 Bb8 19.cxb6 Rc8 20.a4 Qb4 21.Bc3 Qxb6 22.a5 Qd8
23.Bb4 Bxe5 24.fxe5 Nd7 25.Qd2 c5 26.Bxc5 Nxc5 27.dxc5 Qg5 28.Bf1 Bc6 29.Qd4 Rf8
30.g3 Rfb8 31.Rc3 Qe7 32.b4 Qc7 33.Rb1 Kg7 34.Be2 Ra7 35.Rcc1 h5 36.Rb2 Rh8
37.b5 axb5 38.Bxb5 Bxb5 39.Rxb5 Rxa5 40.Rb6 Rc8 41.Rxe6 Rxc5 42.Rxc5 Qxc5
43.Qxc5 Rxc5 44.Re7+ Kf8 45.Rd7 Rc4 46.Rxd5 Re4 47.Kf2 Kg7 48.h4 Kh7 49.Kf3 Kg7
50.Rb5 Kh7 51.Rb7+ Kh6 52.Re7 Ra4 53.e6 Re4 54.Kf2 Re5 55.Ke2 Re4 56.Kd3 Ra4
57.Rf7 Re4 58.e7 g5 59.Rxf5 Rxe7 60.Rxg5  1-0

[Event "San Sebastian op"]
[Site "San Sebastian"]
[Date "1993.??.??"]
[Round "?"]
[White "Franco Ocampo, Zenon"]
[Black "Markotic, Gordan"]
[Result "1-0"]
[WhiteElo "2505"]
[BlackElo "2405"]

1.c4 c6 2.Nf3 Nf6 3.d4 d5 4.Nc3 e6 5.e3 Nbd7 6.Qc2 Bd6 7.b3 O-O 8.Be2 Qe7
9.O-O dxc4 10.bxc4 e5 11.Rd1 Re8 12.Rb1 e4 13.Nd2 Nf8 14.Nf1 Ng6 15.a4 Ng4
16.c5 Bb8 17.Nxe4 Bf5 18.f3 Qh4 19.g3 Qh3 20.Bd3 Nh4 21.Ng5  1-0

[Event "SCO-ch100"]
[Site "?"]
[Date "1993.??.??"]
[Round "?"]
[White "Orr, Mark J L"]
[Black "Bryson, Douglas M"]
[Result "1/2-1/2"]
[WhiteElo "2345"]
[BlackElo "2330"]

1.d4 d5 2.c4 e6 3.Nc3 c6 4.e3 Nf6 5.Nf3 Nbd7 6.Qc2 Bd6 7.b3 O-O 8.Be2 dxc4
9.bxc4 e5 10.O-O Qe7 11.Rd1 Re8 12.Rb1 e4 13.Nd2 Nf8 14.a4 Bf5 15.c5 Bc7
16.Nc4 Rab8 17.Ba3 Red8 18.Nd6 Bxd6 19.cxd6 Qe6 20.a5 Ng6 21.Qb3 Qe8 22.Rb2 Nd7
23.Qc2 Qe6 24.g4 Bxg4 25.Qxe4 Bxe2 26.Qxe6 fxe6 27.Nxe2 b6 28.Rc2 Rbc8 29.Rdc1 c5
30.Ng3 e5 31.dxc5 bxc5 32.Ne4 Rc6 33.Bxc5 Rdc8 34.Rc3 Nxc5 35.Rxc5 Rxc5 36.Rxc5 Rxc5
37.Nxc5 Kf7 38.Kf1 Nf8 39.Ke2 Ne6 40.d7 Nd8 41.Kd3 Ke7 42.Kc4 Nc6 43.Kb5 Kd6
44.Ne6 Kxd7 45.Nxg7 Nb8 46.Nf5 Kc7 47.Ne7 Kd7 48.Nd5 Kd6 49.Nf6 h6 50.e4 Kc7
51.Ng4 a6+ 52.Kc5 Nc6 53.Nxh6 Nxa5 54.Ng4 Nc6 55.h4 Nd8 56.Nxe5 Ne6+ 57.Kc4 Kd6
58.Nf7+ Ke7 59.Ng5 Nf4 60.f3 Kf6 61.Kd4 Ng6 62.Nh3 Nxh4 63.f4  1/2-1/2

[Event "SCO-ch100"]
[Site "?"]
[Date "1993.??.??"]
[Round "?"]
[White "MacKay, Ian D"]
[Black "Swan, Iain"]
[Result "1-0"]
[WhiteElo "2340"]
[BlackElo "2275"]

1.d4 d5 2.c4 e6 3.Nc3 c6 4.Nf3 Nf6 5.e3 Nbd7 6.Bd3 dxc4 7.Bxc4 b5 8.Bd3 a6
9.O-O Bb7 10.e4 c5 11.d5 c4 12.Bc2 Qc7 13.dxe6 fxe6 14.Ng5 Nc5 15.e5 Qxe5
16.Re1 Qd6 17.Be3 Qc6 18.Qf3 Qxf3 19.gxf3 Nd3 20.Bxd3 cxd3 21.Rad1 h6 22.Nxe6 Kf7
23.Bc5 Bxc5 24.Nxc5 Bxf3 25.Rxd3 Bg4 26.f3 Bf5 27.Rd6 b4 28.N3e4 a5 29.Rb6 Rhb8
30.Rc6 Ra7 31.Kf2 Nxe4+ 32.fxe4 Rc8 33.Rxc8 Bxc8 34.Ke3 a4 35.a3 bxa3 36.bxa3 Be6
37.Rb1 g5 38.Rb6 Re7 39.Ra6 Bd5 40.Rxh6  1-0

[Event "SCO-ch100"]
[Site "?"]
[Date "1993.??.??"]
[Round "?"]
[White "Pritchett, Craig William"]
[Black "Orr, Mark J L"]
[Result "1/2-1/2"]
[WhiteElo "2360"]
[BlackElo "2345"]

1.Nf3 Nf6 2.c4 e6 3.Nc3 d5 4.d4 c6 5.e3 Nbd7 6.Qc2 Bd6 7.Be2 O-O 8.O-O Qe7
9.Rd1 a6 10.a3 dxc4 11.Bxc4 c5 12.dxc5 Bxc5 13.b4 Bd6 14.Bb3 Ne5 15.Nxe5 Bxe5
16.f4 Bb8 17.Ne4 Nxe4 18.Qxe4 b5 19.Bb2 Bb7 20.Bd5 Bxd5 21.Rxd5 Ra7 22.Rd3  1/2-1/2

[Event "Seefeld op"]
[Site "Seefeld"]
[Date "1993.??.??"]
[Round "4"]
[White "Galonska, Joern"]
[Black "Kotter, Ralf"]
[Result "1/2-1/2"]
[WhiteElo "2105"]
[BlackElo "2270"]

1.d4 d5 2.c4 c6 3.Nc3 Nf6 4.Nf3 e6 5.e3 Nbd7 6.Bd3 Bd6 7.e4 dxe4 8.Nxe4 Nxe4
9.Bxe4 Nf6 10.Bc2 Qa5+ 11.Bd2 Qh5 12.O-O g5 13.Bc3 g4 14.Ne5 Rg8 15.Qd2 Nd7
16.g3 f6 17.Nd3 Nf8 18.Rae1 Bd7 19.Nf4 Qg5 20.Nxe6 Nxe6 21.d5 cxd5 22.cxd5 Qxd2
23.Bxd2 Be5 24.dxe6 Bb5  1/2-1/2

[Event "Seefeld op"]
[Site "Seefeld"]
[Date "1993.??.??"]
[Round "8"]
[White "Jedinger, Andreas"]
[Black "Hengl, Christian"]
[Result "0-1"]
[WhiteElo "1755"]
[BlackElo "1880"]

1.Nf3 Nf6 2.c4 e6 3.Nc3 c6 4.d4 d5 5.e3 Bd6 6.Bd3 b6 7.Qc2 O-O 8.O-O Ba6
9.b3 Nbd7 10.e4 dxc4 11.bxc4 e5 12.Bg5 Qb8 13.h3 Re8 14.dxe5 Bxe5 15.Nxe5 Qxe5
16.f4 Qd4+ 17.Kh1 Bxc4 18.Rad1 Bxd3 19.Rxd3 Qc4 20.Rfd1 Nxe4 21.Rxd7 Qxc3
22.Qxc3 Nxc3 23.Rc1 Ne4 24.Rxc6 Nc5 25.Rd2 Rac8 26.Rxc8 Rxc8 27.Be7 h6 28.Bxc5 Rxc5
29.Rd8+ Kh7 30.Rd7 Ra5 31.Rxf7 Kg6 32.Rb7 Rxa2 33.g4 Kf6 34.Rc7 Ra4 35.Kg2 Rxf4
36.Rxa7 Rb4 37.Rc7 g6 38.Rc6+ Kg5 39.Kg3 Rb3+ 40.Kg2 b5 41.h4+ Kxg4 42.Rxg6+ Kh5
43.Rd6 b4 44.Rd4 Rb1 45.Kf2 b3 46.Rf4 b2 47.Kg2 Kg6 48.Kf2 Rh1  0-1

[Event "Sevilla op"]
[Site "Sevilla"]
[Date "1993.??.??"]
[Round "6"]
[White "Kurajica, Bojan"]
[Black "Sanchez Guirado, Francisco"]
[Result "1-0"]
[WhiteElo "2535"]
[BlackElo "2335"]

1.d4 d5 2.c4 c6 3.e3 Nf6 4.Nc3 e6 5.Nf3 Nbd7 6.b3 Bd6 7.Be2 O-O 8.O-O Qe7
9.Qc2 Re8 10.Bb2 dxc4 11.Bxc4 b5 12.Bd3 Bb7 13.Ne4 Nxe4 14.Bxe4 g6 15.a4 Rec8
16.Qe2 bxa4 17.Rxa4 Nb6 18.Ra5 c5 19.Bxb7 Qxb7 20.dxc5 Rxc5 21.Rxc5 Bxc5
22.Ne5 Qd5 23.Ba1 Bf8 24.Ng4 Qxb3 25.Qf3 f5 26.Nf6+ Kf7 27.Nxh7 Be7 28.Qg3 Nd7
29.Ng5+ Ke8 30.Nf3 Nf8 31.Bg7 Kf7 32.Bxf8 Rxf8 33.Ne5+ Kf6 34.Nd7+ Kf7 35.Nxf8  1-0

[Event "ROM-ch Girls"]
[Site "Singeorz"]
[Date "1993.??.??"]
[Round "?"]
[White "Ceteras, Marius"]
[Black "Ignatescu, Ruxandra"]
[Result "1-0"]
[WhiteElo "2335"]
[BlackElo "2140"]

1.d4 d5 2.c4 e6 3.Nc3 c6 4.e3 Nf6 5.Nf3 Nbd7 6.Qc2 Bd6 7.Be2 O-O 8.b3 dxc4
9.bxc4 e5 10.O-O Re8 11.Rd1 e4 12.Nd2 Nf8 13.Ndxe4 Nxe4 14.Nxe4 Bf5 15.Bd3 Bxe4
16.Bxe4 Bxh2+ 17.Kf1 Qh4 18.Bf3 Bc7 19.Rb1 Rab8 20.d5 cxd5 21.cxd5 Bd6 22.Bb2 Ng6
23.g3 Qh2 24.Qf5 Rbc8 25.Qh5 Qxh5 26.Bxh5 Ne5 27.Be2 Rc7 28.Rdc1 Rec8 29.Rxc7 Rxc7
30.Rc1 Rxc1+ 31.Bxc1 f5 32.f4 Nd7 33.g4 fxg4 34.Bxg4 Nc5 35.Ke2 Ne4 36.Be6+ Kf8
37.Bb2 g6 38.Bh3 Ke7 39.Bg2 Nc5 40.Bc1 b5 41.e4 Na4 42.Kd3 Bc5 43.e5 a5 44.Bh3 Nb6
45.d6+ Ke8 46.Ke4 b4 47.Be6 a4 48.Bb2 h5 49.Bd4 Bxd4 50.Kxd4 h4 51.Kc5 h3
52.Kxb6 Kd8 53.Bd5  1-0

[Event "ROM-ch Girls"]
[Site "Singeorz"]
[Date "1993.??.??"]
[Round "?"]
[White "Casangiu, Paul Horatiu"]
[Black "Ignatescu, Ruxandra"]
[Result "0-1"]
[WhiteElo "2235"]
[BlackElo "2140"]

1.c4 e6 2.Nf3 d5 3.d4 Nf6 4.Nc3 c6 5.e3 Nbd7 6.Bd3 dxc4 7.Bxc4 b5 8.Bd3 a6
9.O-O c5 10.a4 b4 11.Ne4 Bb7 12.Nxf6+ Nxf6 13.a5 Bd6 14.b3 O-O 15.Bb2 Rc8
16.Qe2 Ng4 17.h3 f5 18.Rfd1 cxd4 19.exd4 Kh8 20.hxg4 fxg4 21.Ne5 Qh4 22.Rf1 Bf3
23.gxf3 Rf4 24.Bc1 gxf3 25.Bxf4 fxe2 26.Nf7+ Kg8 27.Nxd6 exf1=Q+ 28.Rxf1 Rc3  0-1

[Event "ROM-ch Girls"]
[Site "Singeorz"]
[Date "1993.??.??"]
[Round "?"]
[White "Casangiu, Paul Horatiu"]
[Black "Danilov, Vladimir"]
[Result "0-1"]
[WhiteElo "2235"]
[BlackElo "2325"]

1.c4 e6 2.Nc3 d5 3.e3 Nf6 4.Nf3 c6 5.d4 Nbd7 6.Bd3 dxc4 7.Bxc4 b5 8.Bd3 Bb7
9.O-O a6 10.e4 c5 11.Bg5 cxd4 12.Nxd4 Ne5 13.Bc2 Bc5 14.Nce2 O-O 15.Kh1 h6
16.Bh4 Ng6 17.Bxf6 Qxf6 18.f4 Rad8 19.e5 Qh4 20.Bxg6 Qg4 21.Rf2 Qxg6 22.Rc1 Bxd4
23.Nxd4 Qe4  0-1

[Event "Hospitalet op"]
[Site "Sitges"]
[Date "1993.??.??"]
[Round "3"]
[White "Hergott, Deen"]
[Black "Ruiz Diez, Julio Cesar"]
[Result "1-0"]
[WhiteElo "2430"]
[BlackElo "2190"]

1.d4 d5 2.Nf3 Nf6 3.c4 c6 4.Nc3 e6 5.e3 Nbd7 6.Qc2 Bd6 7.Be2 O-O 8.O-O Qe7
9.Rd1 Re8 10.h3 b6 11.e4 dxe4 12.Nxe4 Nxe4 13.Qxe4 Bb7 14.Bf4 Nf6 15.Qe3 Bxf4
16.Qxf4 c5 17.dxc5 Qxc5 18.Ne5 Qe7 19.Rd4 Red8 20.Rad1 Rxd4 21.Qxd4 h6 22.a3 Rc8
23.b4 Ne8 24.Bh5 g6 25.Be2 Ng7 26.Qf4 g5 27.Qxf7+ Qxf7 28.Nxf7 Kxf7 29.Rd7+ Kf6
30.Rxb7 Nf5 31.Rxa7 Nd6 32.Ra6 Nxc4 33.Bxc4 Rxc4 34.Rxb6 Rc1+ 35.Kh2 Rc2
36.f3 Ra2 37.Ra6 Rb2 38.Ra5 Ke7 39.h4 gxh4 40.Rh5 Rb3 41.Rxh6 Rxa3 42.Rxh4 Rb3  1-0

[Event "Sitges op"]
[Site "Sitges"]
[Date "1993.??.??"]
[Round "4"]
[White "Ballon, Guenther Jan"]
[Black "Vera, Reynaldo"]
[Result "1/2-1/2"]
[WhiteElo "2200"]
[BlackElo "2525"]

1.d4 d5 2.Nf3 c6 3.c4 Nf6 4.Nc3 e6 5.e3 Nbd7 6.Be2 Bd6 7.O-O O-O 8.b3 Qe7
9.Bb2 b6 10.Qc2 Bb7 11.e4 dxe4 12.Nxe4 Nxe4 13.Qxe4 Rad8 14.Rad1 Rfe8 15.Ne5 f5
16.Qe3 c5 17.Nxd7 Rxd7 18.Bf3 Bxf3 19.Qxf3 cxd4 20.Rxd4 Bxh2+ 21.Kxh2 Rxd4
22.Bxd4 Qh4+ 23.Kg1 Qxd4 24.Rd1 Qf6 25.Qb7 Re7 26.Rd7 Rxd7 27.Qxd7 Qa1+ 28.Kh2 Qe5+
29.g3 h6 30.Qxa7 Qd4 31.Qa8+ Kh7 32.Qf3 Kg6 33.Qe3 Qxe3  1/2-1/2

[Event "Sitges op"]
[Site "Sitges"]
[Date "1993.??.??"]
[Round "5"]
[White "Solozhenkin, Evgeniy"]
[Black "Ballon, Guenther Jan"]
[Result "1-0"]
[WhiteElo "2515"]
[BlackElo "2200"]

1.d4 d5 2.c4 c6 3.Nc3 Nf6 4.e3 e6 5.Nf3 Nbd7 6.Qc2 Be7 7.b3 O-O 8.Bd3 b6
9.O-O Bb7 10.Rd1 Qc7 11.Bb2 Rac8 12.Rac1 Rfd8 13.Qe2 Qb8 14.e4 dxe4 15.Nxe4 c5
16.dxc5 Bxe4 17.Bxe4 Nxe4 18.Qxe4 Nxc5 19.Qg4 Bf8 20.Ne5 Rxd1+ 21.Rxd1 Rd8
22.g3 Rxd1+ 23.Qxd1 Qc7 24.b4 Ne4 25.Qd3 Nd6 26.b5 Nb7 27.Qf3 Na5 28.Qa8 h6
29.a4 f6 30.Nc6 Nxc4 31.Bc3 Kf7 32.Nd8+ Ke7 33.Bb4+ Nd6 34.Nb7 Kd7 35.Qxf8 Nxb7
36.Qxg7+ Kc8 37.Qxf6 Qc4 38.Qf8+ Kc7 39.Bd2 e5 40.Qe7+ Kc8 41.Qxe5  1-0

[Event "Sitges op"]
[Site "Sitges"]
[Date "1993.??.??"]
[Round "7"]
[White "Solozhenkin, Evgeniy"]
[Black "Salgado Allaria, Carlos"]
[Result "1-0"]
[WhiteElo "2515"]
[BlackElo "2225"]

1.d4 d5 2.c4 c6 3.Nc3 Nf6 4.e3 e6 5.Nf3 Nbd7 6.Qc2 Bd6 7.Be2 O-O 8.O-O e5
9.cxd5 cxd5 10.dxe5 Nxe5 11.Rd1 Qc7 12.h3 Nxf3+ 13.Bxf3 Bh2+ 14.Kh1 Be5 15.Bxd5 Nxd5
16.Rxd5 Be6 17.Rd1 Rfd8 18.Bd2 Qc4 19.f4 Bxc3 20.Bxc3 Bd5 21.Rd4 Qc7 22.f5 Bc6
23.Rg4 f6 24.Bxf6 Rd7 25.Bc3 Rad8 26.Re1 Rf7 27.e4 Rdd7 28.Qb3 Kh8 29.f6 gxf6
30.e5 Bd5 31.e6 Qc6 32.exf7 h5 33.Re8+  1-0

[Event "Sitges op"]
[Site "Sitges"]
[Date "1993.??.??"]
[Round "8"]
[White "Vera, Reynaldo"]
[Black "Kuijf, Marinus"]
[Result "0-1"]
[WhiteElo "2525"]
[BlackElo "2445"]

1.d4 d5 2.c4 c6 3.Nc3 Nf6 4.e3 e6 5.Nf3 Nbd7 6.Bd3 dxc4 7.Bxc4 b5 8.Be2 Be7
9.O-O O-O 10.a3 b4 11.axb4 Bxb4 12.Ne1 Bd6 13.Nd3 Bb7 14.Bf3 Qb8 15.g4 c5
16.g5 cxd4 17.exd4 Nd5 18.Nxd5 Bxd5 19.Bxd5 exd5 20.Qg4 Qb5 21.Bf4 Bxf4 22.Nxf4 Nb6
23.Rfe1 Qxb2 24.Nh5 Qc2 25.Re7 a5 26.Qf4 Nc4 27.Rae1 a4 28.R7e2 Qd3 29.Ng3 a3
30.Kg2 g6 31.h4 Ra6 32.h5 gxh5 33.Re8 Ra8 34.Rxa8 Rxa8 35.Nf5 Kf8 36.Re7 a2
37.g6 Ne3+ 38.fxe3 Qe2+ 39.Kh3 Qg4+ 40.Qxg4 hxg4+ 41.Kh4 hxg6 42.Kg5 gxf5
43.Kf6 Ra6+  0-1

[Event "Skei"]
[Site "Skei"]
[Date "1993.??.??"]
[Round "3"]
[White "Djurhuus, Rune"]
[Black "Engedal, Kim Nikolai"]
[Result "1-0"]
[WhiteElo "2485"]
[BlackElo "2240"]

1.d4 d5 2.c4 e6 3.Nc3 c6 4.e3 Nf6 5.Nf3 Nbd7 6.Qc2 Bd6 7.g4 Nxg4 8.Rg1 h5
9.h3 Nh6 10.e4 dxe4 11.Nxe4 Bb4+ 12.Bd2 Bxd2+ 13.Qxd2 Nf6 14.Neg5 Nf5 15.O-O-O O-O
16.Bd3 Qc7 17.Rg2 Ne8 18.Rdg1 f6 19.Ne4 Qf7 20.Ng3 Ne7 21.Qf4 Ng6 22.Qe3 Ne7
23.Kb1 Kh8 24.h4 Rg8 25.Qf4 Rf8 26.Qe4 g6 27.Nxh5 gxh5 28.Qe3 f5 29.Qh6+  1-0

[Event "SLO-chT"]
[Site "?"]
[Date "1993.??.??"]
[Round "?"]
[White "Bukic, Enver"]
[Black "Orel, Oskar"]
[Result "1-0"]
[WhiteElo "2450"]
[BlackElo "2335"]

1.d4 d5 2.c4 c6 3.Nc3 Nf6 4.e3 e6 5.Nf3 Nbd7 6.Qc2 a6 7.e4 dxe4 8.Nxe4 Nxe4
9.Qxe4 Bb4+ 10.Bd2 Bxd2+ 11.Nxd2 c5 12.dxc5 Qa5 13.Be2 Qxc5 14.O-O O-O 15.Nf3 Nf6
16.Qe5 Qxe5 17.Nxe5 Nd7 18.f4 a5 19.Rfd1 Nc5 20.Bf3 Ra6 21.b3 Re8 22.Nd3 Nd7
23.c5 h6 24.Rac1 Nf6 25.Be2 Nd5 26.Ne5 Ra8 27.g3 Re7 28.Bf3 a4 29.b4 a3 30.Kf2 Bd7
31.c6 Be8 32.Bxd5 exd5 33.c7 f6 34.Nf3 Rc8 35.h4 Bf7 36.Nd4 Rd7  1-0

[Event "SLO-chT"]
[Site "?"]
[Date "1993.??.??"]
[Round "?"]
[White "Brglez, Rado"]
[Black "Drinovec, Ales"]
[Result "1/2-1/2"]
[WhiteElo "2310"]
[BlackElo "2165"]

1.d4 d5 2.c4 c6 3.Nc3 Nf6 4.e3 e6 5.Nf3 Nbd7 6.Qc2 Bd6 7.Be2 O-O 8.O-O Qe7
9.h3 Re8 10.Rd1 dxc4 11.Bxc4 e5 12.a3 exd4 13.exd4 Nb6 14.Bd3 h6 15.Bd2 Be6
16.Re1 Qc7 17.Ne5 Rad8 18.Rad1 Nbd5 19.Bc1 Nxc3 20.bxc3 c5  1/2-1/2

[Event "SLO-chT"]
[Site "?"]
[Date "1993.??.??"]
[Round "?"]
[White "Jelen, Igor"]
[Black "Drinovec, Ales"]
[Result "1-0"]
[WhiteElo "2325"]
[BlackElo "2165"]

1.d4 d5 2.c4 c6 3.Nc3 Nf6 4.e3 e6 5.Nf3 Nbd7 6.Bd3 dxc4 7.Bxc4 b5 8.Bd3 a6
9.e4 c5 10.d5 c4 11.dxe6 fxe6 12.Bc2 Qc7 13.O-O Bb7 14.Qe2 Be7 15.Ng5 Nf8
16.e5 Nd5 17.Bd2 Nxc3 18.bxc3 Bxg5 19.Bxg5 Ng6 20.Rae1 O-O 21.Qh5 Qf7 22.Re3 Rfc8
23.Rh3 Nf8 24.Bxh7+ Nxh7 25.Qxh7+ Kf8 26.Rh4  1-0

[Event "Sochi"]
[Site "Sochi"]
[Date "1993.??.??"]
[Round "?"]
[White "Obukhov, Alexander"]
[Black "Doroshkievich, Vladimir K"]
[Result "1/2-1/2"]
[WhiteElo "2490"]
[BlackElo "2405"]

1.d4 d5 2.c4 e6 3.Nc3 c6 4.e3 Nf6 5.Nf3 Nbd7 6.Bd3 dxc4 7.Bxc4 b5 8.Bd3 Bb7
9.e4 b4 10.Na4 c5 11.e5 Nd5 12.O-O cxd4 13.Re1 g6 14.Bg5 Be7 15.Bh6 Bf8 16.Bg5 Be7  1/2-1/2

[Event "Sochi"]
[Site "Sochi"]
[Date "1993.??.??"]
[Round "?"]
[White "Ryskin, Alexander"]
[Black "Beshukov, Sergei"]
[Result "1/2-1/2"]
[WhiteElo "2515"]
[BlackElo "2445"]

1.d4 d5 2.c4 c6 3.Nc3 e6 4.e3 Nf6 5.Nf3 Nbd7 6.Bd3 dxc4 7.Bxc4 b5 8.Bd3 Bb7
9.a3 b4 10.Ne4 Nxe4 11.Bxe4 Qb6 12.O-O c5 13.Bxb7 Qxb7 14.Qa4 cxd4 15.Nxd4 bxa3
16.bxa3 Be7 17.Qc6  1/2-1/2

[Event "St Martin op"]
[Site "St Martin"]
[Date "1993.??.??"]
[Round "7"]
[White "Friedman, Aviv"]
[Black "Shabalov, Alexander"]
[Result "0-1"]
[WhiteElo "2325"]
[BlackElo "2575"]

1.Nf3 d5 2.c4 c6 3.d4 Nf6 4.Nc3 e6 5.e3 Nbd7 6.Bd3 dxc4 7.Bxc4 b5 8.Bd3 Bb7
9.O-O b4 10.Na4 c5 11.dxc5 Bxc5 12.Nxc5 Nxc5 13.Bb5+ Ke7 14.Bd2 a5 15.Qe2 Qb6
16.Rfd1 Nfe4 17.Be1 Rhd8 18.Nd4 Nd6 19.Bd3 Kf8 20.Qh5 Nxd3 21.Rxd3 Be4 22.Rdd1 Bg6
23.Qe2 e5 24.Nf3 f6 25.Nh4 Bf7 26.a3 b3 27.Qg4 g5 28.Nf3 h5 29.Qg3 Nf5  0-1

[Event "St Petersburg op"]
[Site "St Petersburg"]
[Date "1993.??.??"]
[Round "?"]
[White "Notkin, Maksim"]
[Black "Lugovoi, Aleksei"]
[Result "1/2-1/2"]
[WhiteElo "2535"]
[BlackElo "2390"]

1.d4 Nf6 2.c4 e6 3.Nf3 d5 4.Nc3 c6 5.e3 Nbd7 6.Qc2 Be7 7.Be2 O-O 8.O-O b6
9.e4 dxe4 10.Nxe4 Bb7 11.Bf4 c5 12.Nxf6+ Nxf6 13.dxc5 bxc5 14.Rad1  1/2-1/2

[Event "St Petersburg zt"]
[Site "St Petersburg"]
[Date "1993.??.??"]
[Round "5"]
[White "Vyzmanavin, Alexey"]
[Black "Sveshnikov, Evgeny"]
[Result "1/2-1/2"]
[WhiteElo "2620"]
[BlackElo "2555"]

1.d4 d5 2.c4 e6 3.Nc3 c6 4.e3 Nf6 5.Nf3 Nbd7 6.Qc2 Bd6 7.Be2 O-O 8.O-O b6
9.e4 Nxe4 10.Nxe4 dxe4 11.Qxe4 Bb7 12.Re1 Nf6 13.Qh4 c5 14.Be3 Ne4 15.Qxd8 Rfxd8
16.Rad1 cxd4 17.Nxd4 Bb4  1/2-1/2

[Event "St Petersburg zt"]
[Site "St Petersburg"]
[Date "1993.??.??"]
[Round "7"]
[White "Vyzmanavin, Alexey"]
[Black "Yakovich, Yuri"]
[Result "1-0"]
[WhiteElo "2620"]
[BlackElo "2510"]

1.d4 d5 2.c4 e6 3.Nc3 c6 4.e3 Nf6 5.Nf3 Nbd7 6.Qc2 Bd6 7.Be2 O-O 8.O-O b6
9.e4 dxe4 10.Nxe4 Nxe4 11.Qxe4 Bb7 12.Rd1 Rb8 13.Bd3 g6 14.Ng5 Re8 15.Qh4 Nf8
16.c5 Bc7 17.Bf4 Rc8 18.Qg3 Bxf4 19.Qxf4 Qc7 20.Qe3 Red8 21.Ne4 Qe7 22.g3 Kg7
23.h4 Rc7 24.Nd6 Rcd7 25.h5 Rxd6 26.cxd6 Rxd6 27.h6+ Kg8 28.Be4 Nd7 29.Bf3 Nf6
30.Qe5 Ne8 31.Rac1 f6 32.Qe3 Nc7 33.Rc4 Qd7 34.a4 Nd5 35.Qb3 Ne7 36.g4 g5
37.a5 b5 38.Rc5 Kf7 39.Qc2 Kg8 40.Be4 Rxd4 41.Bxh7+ Kh8 42.Rxd4 Qxd4 43.Be4 Nd5
44.Bxd5 exd5 45.Qf5  1-0

[Event "Stockholm op"]
[Site "Stockholm"]
[Date "1993.??.??"]
[Round "?"]
[White "Sjodin, Bengt"]
[Black "Sammalvuo, Tapani"]
[Result "0-1"]
[WhiteElo "2185"]
[BlackElo "2270"]

1.d4 d5 2.Nf3 Nf6 3.c4 c6 4.Nc3 e6 5.e3 Nbd7 6.Qc2 Bd6 7.g4 dxc4 8.Bxc4 b5
9.Bd3 Bb7 10.e4 e5 11.Bg5 h6 12.Bh4 exd4 13.Nxd4 g5 14.Bg3 Bxg3 15.hxg3 Ne5
16.Nce2 Qa5+ 17.Kf1 Nfxg4 18.Nb3 Qb6 19.Nc5 Nxf2 20.Nxb7 Nfg4 21.Qc5 Ne3+
22.Kg1 Nxd3 23.Qd4 Qxd4 24.Nxd4 Kd7 25.Rh2 Kc7 26.Na5 c5 27.Nxb5+ Kb6 28.Nc3 Kxa5
29.Re2 Nc4 30.b3 Nce5 31.a3 c4 32.bxc4 Rhc8 33.Nd5 Rxc4 34.Rb1 Rac8 35.Rb7 a6
36.Nb4 Nxb4 37.axb4+ Rxb4 38.Ra2+ Ra4 39.Rf2 Rc1+ 40.Kg2 Raa1 41.Rd2 Rg1+
42.Kf2 Raf1+  0-1

[Event "FRM-ch"]
[Site "Struga"]
[Date "1993.??.??"]
[Round "2"]
[White "Mitkov, Marjan"]
[Black "Georgievski, Vanco"]
[Result "1/2-1/2"]
[WhiteElo "2370"]
[BlackElo "2255"]

1.d4 d5 2.c4 c6 3.Nf3 Nf6 4.Nc3 e6 5.e3 Nbd7 6.Qc2 Be7 7.b3 O-O 8.Bb2 b6
9.Bd3 Bb7 10.O-O Rc8 11.Rad1 Qc7 12.Ne5 g6 13.e4 dxe4 14.Nxe4 Nxe5 15.dxe5 Nxe4
16.Bxe4 Rfd8 17.Qc3 Rxd1 18.Rxd1 Rd8 19.Rxd8+ Qxd8 20.Qd3 Qxd3 21.Bxd3 c5
22.f3 Kg7 23.Kf2 h5 24.Bc1 Bd8 25.g4 hxg4 26.fxg4 Bh4+ 27.Ke2 f6 28.Bf4 f5
29.g5 Kf7 30.a3 a5 31.Be3 Bc6 32.Kd2 Bb7 33.Bc2 Bc6 34.Bd1 Be4 35.Ke2 Bc6
36.Bf4 Be4 37.Kd2 Bf2 38.Be3 Bxe3+ 39.Kxe3 Bc6 40.h4 Be4 41.h5 gxh5 42.Bxh5+ Kg7
43.Be8 Bc2 44.Ba4 Bd1 45.Kf4 Bh5 46.Kg3 Bf7 47.Kh4 Kh7 48.Bc6 Kg7 49.Bf3 Be8  1/2-1/2

[Event "FRM-ch"]
[Site "Struga"]
[Date "1993.??.??"]
[Round "5"]
[White "Stamenkov, Vanco"]
[Black "Mitkov, Marjan"]
[Result "1-0"]
[WhiteElo "2345"]
[BlackElo "2325"]

1.c4 c6 2.d4 d5 3.Nc3 Nf6 4.Nf3 e6 5.e3 Nbd7 6.Bd3 dxc4 7.Bxc4 b5 8.Bd3 a6
9.O-O c5 10.Qe2 Bb7 11.Rd1 Qc7 12.a3 c4 13.Bc2 Bd6 14.e4 e5 15.Bg5 O-O 16.dxe5 Bxe5
17.Nxe5 Qxe5 18.f4 Qc5+ 19.Kh1 h6 20.Bh4 Rfe8 21.e5 Qc6 22.Qd2 Nxe5 23.fxe5 Rad8
24.Qe2 Rxd1+ 25.Rxd1 Rxe5 26.Qf1 Nd5 27.Nxd5 Rxd5 28.Rxd5 Qxd5 29.Qe2 f5
30.Be1 Qf7 31.Qe5 Bc8 32.Bc3 Qd7 33.h3 Qf7 34.Bd1 Kh7 35.Bf3 Be6 36.Kh2 Qd7
37.Bc6 Qf7 38.Bb7  1-0